000 00543nam a2200205 a 4500
001 BS0001163
003 BR-BrBNA
005 20231025152842.0
008 230308b |||||||| |||| 00| 0 por d
040 _aBR-BrBNA
_bpor
_cBiblioteca Nacional de Agricultura
041 _apor
072 _aS89
090 _aS89
_bBS0001163
100 1 _aSiguemoto, Regina.
245 1 _aO rio e a cidade dos homens /
260 3 _aBelo Horizonte:
_bFormato Editorial,
_c1991.
300 _a11 p.
650 _aLITERATURA INFANTO-JUVENIL
942 _cBK
_2AGRIS
999 _c6220
_d6220